| 000 | 01206nam a2200301Ia 4500 | ||
|---|---|---|---|
| 001 | ebr10314296 | ||
| 003 | CaPaEBR | ||
| 006 | m u | ||
| 007 | cr cn||||||||| | ||
| 008 | 880331s1988 mau sb 001 0 eng d | ||
| 010 | _z 88011035 | ||
| 020 | _z9780674063488 | ||
| 020 | _z0674063473 (alk. paper) | ||
| 040 |
_aCaPaEBR _cCaPaEBR |
||
| 035 | _a(OCoLC)755254117 | ||
| 050 | 1 | 4 |
_aQC774.A2 _bT73 1988eb |
| 100 | 1 | _aTraweek, Sharon. | |
| 245 | 1 | 0 |
_aBeamtimes and lifetimes _h[electronic resource] : _bthe world of high energy physicists / _cSharon Traweek. |
| 260 |
_aCambridge, MA : _bHarvard University Press, _c1988. |
||
| 300 | _axv, 187 p. | ||
| 504 | _aIncludes bibliographical references and index. | ||
| 533 |
_aElectronic reproduction. _bPalo Alto, Calif. : _cebrary, _d2009. _nAvailable via World Wide Web. _nAccess may be limited to ebrary affiliated libraries. |
||
| 650 | 0 | _aPhysicists. | |
| 650 | 0 |
_aParticles (Nuclear physics) _xLaboratories _xEnvironmental aspects. |
|
| 655 | 7 |
_aElectronic books. _2local |
|
| 710 | 2 | _aebrary, Inc. | |
| 856 | 4 | 0 |
_uhttp://site.ebrary.com/lib/rucke/Doc?id=10314296 _zAn electronic book accessible through the World Wide Web; click to view |
| 999 |
_c165957 _d165957 |
||